skbl

Dr Suryya Kumar Bhuyan Library Web-OPAC
ডঃ সূৰ্য্য
কুমাৰ ভূঞা পুথিভঁৰাল ৱেব-অ'পেক

All Research Scholars are advised to clear the annual library fees to continue using Library Resources, Remote Access, Plagiarism Test and Library Clearance.

Cotton University Book Fair 2026

Madhava Deva / (Record no. 1677)

MARC details
000 -LEADER
fixed length control field 00589nam a2200241Ia 4500
001 - CONTROL NUMBER
control field 1681
005 - DATE AND TIME OF LATEST TRANSACTION
control field 20240113233511.0
007 - PHYSICAL DESCRIPTION FIXED FIELD--GENERAL INFORMATION
fixed length control field ta
008 - FIXED-LENGTH DATA ELEMENTS--GENERAL INFORMATION
fixed length control field 050210s1930 g b000 u ben u
040 ## - CATALOGING SOURCE
Original cataloging agency Ref.Stack
041 ## - LANGUAGE CODE
Language code of text/sound track or separate title ben
082 ## - DEWEY DECIMAL CLASSIFICATION NUMBER
Classification number 923
Item number Ad 41 Ma
100 ## - MAIN ENTRY--PERSONAL NAME
Personal name Adhikari, Prabhat Ch. .
245 #0 - TITLE STATEMENT
Title Madhava Deva /
Statement of responsibility, etc. Prabhat Ch.Adikari.
Medium Textual Documents
260 ## - PUBLICATION, DISTRIBUTION, ETC.
Place of publication, distribution, etc. Assam :
Name of publisher, distributor, etc. P.C.Adhikari ,
Date of publication, distribution, etc. 1930.
300 ## - PHYSICAL DESCRIPTION
Extent 43p. ;
Dimensions 18cm..
500 ## - GENERAL NOTE
General note 211/Ref/Ass
653 ## - INDEX TERM--UNCONTROLLED
Uncontrolled term Biography
653 ## - INDEX TERM--UNCONTROLLED
Uncontrolled term Ref-Assamese
942 ## - ADDED ENTRY ELEMENTS (KOHA)
Source of classification or shelving scheme Dewey Decimal Classification
Koha item type Books
Holdings
Withdrawn status Lost status Damaged status Not for loan Collection Home library Current library Date acquired Coded location qualifier Total checkouts Full call number Barcode Date last seen Copy number Price effective from Koha item type
      Not for loan   Dr. Suryya Kumar Bhuyan Library Dr. Suryya Kumar Bhuyan Library 01/02/2012 00000   923 Ad 41 Ma 211/Ass 13/01/2024 1 01/02/2012 Books

Designed and Maintained by Team SKBL
©1901-2026

Powered by Koha